000 00724nam a2200217Ia 4500
005 20241129105948.0
008 241129s9999||||xx |||||||||||||| ||und||
020 _a81-214-0528-9
037 _aTB
040 _aARTS
_bhin
_cARTS
041 _ahin
_2hin
084 _aO152,1N59x N9
_qARTS
100 _aउद्भ्रान्त, ले.
245 0 _aशब्दकमल खिला है
_cउद्भ्रान्त, ले.
260 _aनई दिल्ली, भारत
_bनेशनल पब्लिशिंग हाउस
_c2011
300 _a176पृ0
365 _aINR
_b175
650 _aHindi Poetry
_97134
942 _cTB
_hO152,1N59x N9
999 _c1226779
_d1226779